000 00781nam a22002177a 4500
003 OSt
005 20260226054054.0
008 260226b |||||||| |||| 00| 0 eng d
020 _a978-971-07-2536-6
040 _aDWCL-Main Lib
_cOC
082 _23rd ed.
_aFil.899.211 R486 2010
100 _aRibo, Lourdes M. / De Peralta, Honeylein C. / Nery, Remedios F.
245 _aLanguage in literature I : Philippine literature
260 _aQuezon City :
_bVibal Publishing,
_cc2010.
300 _a330 p. :
_bill. ;
_c26 cm.
490 _aVibal High School Series
504 _a1. Includes bibliographical references and index.
650 _aPhilippine - literature - Study and teaching (Secondary).
650 _aPhilippine - literature.
942 _2ddc
_cBK-FIL
_e3rd ed.
_mFil.
_n0
999 _c8566
_d8566